LEADER 01122nam2 22002771i 450 001 VAN00071059 005 20240806100552.137 100 $a20090727d1971 |0itac50 ba 101 $aita 102 $aIT 105 $a|||| ||||| 200 1 $aˆ1: ‰Studi su Teocrito$fGregorio Serrao 210 $aRoma$cEdizioni dell'Ateneo$d[1971] 215 $a168 p.$d23 cm. 410 1$1001VAN00046792$12001 $aFilologia e critica$v8 461 1$1001VAN00071057$12001 $aProblemi di poesia alessandrina$fGregorio Serrao$1210 $aRoma$cEdizioni dell'Ateneo$1215 $av.$d23 cm.$v1 606 $aTeocrito$3VANC026574$2FI 620 $dRoma$3VANL000360 700 1$aSerrao$bGregorio$3VANV034173$0183963 712 $aL'ateneo $3VANV111929$4650 801 $aIT$bSOL$c20240906$gRICA 899 $aBIBLIOTECA DEL DIPARTIMENTO DI LETTERE E BENI CULTURALI$1IT-CE0103$2VAN07 912 $aVAN00071059 950 $aBIBLIOTECA DEL DIPARTIMENTO DI LETTERE E BENI CULTURALI$d07CONS Xd Theoc 2040 $e07 2001 20090727 996 $aStudi su Teocrito$91081284 997 $aUNICAMPANIA LEADER 05375nam 22007455 450 001 9911049094603321 005 20260316141713.0 010 $a3-031-97950-8 024 7 $a10.1007/978-3-031-97950-7 035 $a(CKB)44769964800041 035 $a(MiAaPQ)EBC32470597 035 $a(Au-PeEL)EBL32470597 035 $a(DE-He213)978-3-031-97950-7 035 $a(EXLCZ)9944769964800041 100 $a20260102d2025 u| 0 101 0 $aeng 135 $aur||||||||||| 181 $ctxt$2rdacontent 182 $cc$2rdamedia 183 $acr$2rdacarrier 200 10$aMathematical Approaches to Challenges in Biology and Biomedicine $eICMASC 2024, Porto, Portugal, June 20?22 /$fedited by Martin Golubitsky, Stefano Boccaletti, Carla M.A. Pinto 205 $a1st ed. 2025. 210 1$aCham :$cSpringer Nature Switzerland :$cImprint: Springer,$d2025. 215 $a1 online resource (487 pages) 225 1 $aSpringer Proceedings in Mathematics & Statistics,$x2194-1017 ;$v507 311 08$a3-031-97949-4 327 $aA Trust Region Algorithm For Identification Of BMI Related Fat Tissue Properties -- Immersive Visualization Of A 3D Model Of Tumor-Immune Dynamics -- Inverse Problem Formulation In Cancer Immunotherapy Using Physics Informed Neural Networks And Data Driven Parameter Estimation -- Will The Catalan Language Disappear? An Analysis Via Mathematical Modeling -- Regulatory Networks With Varying Interactions -- Decomposing The Mutual Information Rate Of Physiological Time Series To Assess Higher Order Cardiovascular And Respiratory Interactions During Postural Stress -- Uncertainty Study In A 0 D SCR Model For Nox Emissions -- Methods For Data Disaggregation: Application To COVID-19 Spatial Models In Portugal -- Modeling Social Media Growth Using An Extension Of The Random Classical Logistic Equation -- Portuguese Service Electricity Continuity Indicators: Quality Service Evaluation -- A Leibniz Integral Rule For Random Lebesgue Calculus -- Extension Of A Fractional Model Identification Method For Fractional Dual Pole Plus Dead Time Models -- Basic Problems In The Theory Of Pseudo Differential Equations -- Two New Rheological Models And Two Rheological Dynamical Systems Fractional Type -- Probabilistic Analysis Of A Class Of Stochastic Differential Equations With Cross Nonlinearity Via The Equivalent Linearization Technique -- Statistical Tools For Frequency Response Functions From Posture Control Experiments: Estimation Of Probability Of A Sample And Comparison Between Groups Of Unpaired Samples -- Stability Analysis And Optimal Control Of The Logistic Equation -- Some Results For Equilibrium Problems -- A Leibniz integral rule for random Lebesgue calculus. 330 $aThis book collects selected, peer-reviewed works presented at the International Conference on Mathematical Analysis and Applications in Science and Engineering (ICMASC), which took place at the University of Porto, Portugal, in hybrid mode on June 20?22, 2024. This book covers advancements in mathematical analysis and modeling, with an emphasis on mathematical biology. It addresses topics such as partial and ordinary differential equations, integer and fractional order equations, linear algebra, numerical analysis, operations research, discrete mathematics, optimization, control, probability, and computational mathematics, to name a few. Applications range from tumor and tissue properties, infection spatial models, cancer immunotherapy, and others. The conference was dedicated to Professor J. A. Tenreiro Machado, who unexpectedly passed away in October 2021. Prof. Tenreiro was a Professor at the Polytechnic Institute of Porto, where he served as the Dean of the Institute. Additionally, he held a visiting position at the Lodz Institute of Technology, Poland, for many years. Prof. Tenreiro Machado authored 1,160 publications, including 11 books. 410 0$aSpringer Proceedings in Mathematics & Statistics,$x2194-1017 ;$v507 606 $aBiomathematics 606 $aMathematical models 606 $aMathematical analysis 606 $aDifferential equations 606 $aMathematical and Computational Biology 606 $aMathematical Modeling and Industrial Mathematics 606 $aAnalysis 606 $aDifferential Equations 606 $aEquacions diferencials$2thub 606 $aBiomatemātica$2thub 606 $aAnālisi matemātica$2thub 606 $aModels matemātics$2thub 608 $aLlibres electrōnics$2thub 615 0$aBiomathematics. 615 0$aMathematical models. 615 0$aMathematical analysis. 615 0$aDifferential equations. 615 14$aMathematical and Computational Biology. 615 24$aMathematical Modeling and Industrial Mathematics. 615 24$aAnalysis. 615 24$aDifferential Equations. 615 7$aEquacions diferencials 615 7$aBiomatemātica 615 7$aAnālisi matemātica 615 7$aModels matemātics 676 $a570.285 700 $aGolubitsky$b Martin$021354 701 $aBoccaletti$b S$g(Stefano)$079044 701 $aPinto$b Carla M. A$01437967 801 0$bMiAaPQ 801 1$bMiAaPQ 801 2$bMiAaPQ 906 $aBOOK 912 $a9911049094603321 996 $aMathematical Approaches to Challenges in Biology and Biomedicine$94522114 997 $aUNINA